00662nam a2200181Ia 4500003000900000008004100009020001800050040001600068080002600084245017100110260004500281300001000326490001600336650004100352650003900393650001900432700002900451IN-BaIIA211028s9999 xx 000 0 eng d a92-9092-112-9 cIIA Library a520.6.05(523.64)bESA 0aIUE-ULDA access guide no. 2bInternational ultraviolet explorer-uniform low dispersion archive cometsccompiled by Michel C. Festou  aNetherlandsbEuropean Space Agencyc1990 a191p. aESA SP-1134 aAstronomy and astrophysics thesaurus aInternational ultraviolet explorer aIUE-ULDA guide aFestou, Michel C., comp.